Capitales d'Europe : ordre aléatoire - Statistiques

Statistiques générales
  • Ce quiz a été pris 764 fois
  • Le résultat moyen est 39 sur 45
Statistiques - réponses
Hint Réponse % Correct
Royaume-Uni Londres
98%
Espagne Madrid
98%
France Paris
98%
Italie Rome
98%
Allemagne Berlin
97%
Belgique Bruxelles
97%
Russie Moscou
97%
Grèce Athènes
96%
Ukraine Kiev
96%
Portugal Lisbonne
96%
Luxembourg Luxembourg
96%
Monaco Monaco
96%
Cité du Vatican Vatican
96%
Pays-Bas Amsterdam
95%
Suisse Berne
93%
Irlande Dublin
93%
Pologne Varsovie
91%
Andorre Andorre-la-Vieille
90%
Danemark Copenhague
90%
Finlande Helsinki
90%
Norvège Oslo
90%
Saint-Marin Saint-Marin
90%
Autriche Vienne
90%
Hongrie Budapest
89%
Roumanie Bucarest
88%
République tchèque Prague
87%
Suède Stockholm
86%
Croatie Zagreb
86%
Bulgarie Sofia
84%
Malte La Valette
82%
Islande Reykjavik
81%
Biélorussie Minsk
80%
Albanie Tirana
78%
Lettonie Riga
77%
Bosnie-Herzégovine Sarajevo
77%
Estonie Tallinn
75%
Lituanie Vilnius
75%
Serbie Belgrade
74%
Slovaquie Bratislava
73%
Liechtenstein Vaduz
73%
Slovénie Ljubljana
72%
Moldavie Chișinău
69%
Macédoine du Nord Skopje
67%
Kosovo Pristina
66%
Monténégro Podgorica
63%
Aucun quiz correspondant
Distribution des résultats
% des personnes avec chaque résultat
Percentile par nombre de réponses
Votre historique - résultats
Vous n’avez pas pris ce quiz